| 000 | 00796cam a2200265 4500 | ||
|---|---|---|---|
| 001 | 7647 | ||
| 003 | BD-RjUL | ||
| 005 | 20211208234441.0 | ||
| 008 | 140115s1969 nyua b 001 0 eng | ||
| 020 | _a0470718056 | ||
| 035 | _a(BD-RjUL)7691 | ||
| 040 |
_aDLC _cDLC _dDLC _dBD-RjUL _beng |
||
| 041 | _aeng | ||
| 082 | 0 | 0 |
_a512.815 _bRIR 1969 |
| 100 | 1 |
_aRibenboim, Paulo. _923850 |
|
| 245 | 1 | 0 |
_aRings and modules / _cPaulo Ribenboim. |
| 260 |
_aNew York : _bInterscience Publishers, _cc1969. |
||
| 300 |
_avii, 162 p. : _bill. ; _c23 cm. |
||
| 504 | _aIncludes Bibliography and index. | ||
| 650 | 0 |
_aRings (Algebra). _921134 |
|
| 650 | 0 |
_aModules (Algebra). _922079 |
|
| 942 |
_2ddc _cBK |
||
| 999 |
_c7647 _d7647 |
||